[Event "Wuerttemberg-chT Rapid"]
[Site "Boeblingen"]
[Date "2024.04.13"]
[Round "4.38"]
[White "Foksha, Alexander"]
[Black "Lessmeister, Patrick"]
[Result "0-1"]
[WhiteElo "1924"]
[BlackElo "1834"]
[PlyCount "78"]
[EventDate "2024.04.13"]
[EventType "team-tourn"]
[EventRounds "9"]
[EventCountry "GER"]
[SourceTitle "CB17_2024"]
[SourceDate "2024.04.24"]
[SourceVersion "1"]
[SourceVersionDate "2024.04.24"]
[SourceQuality "1"]

1. d4 Nf6 2. Nf3 c5 3. e3 b6 4. Bd3 g6 5. b3 Bg7 6. Bb2 0-0 7. 0-0 Bb7 8. Nbd2 d5 9. Qe2 Nbd7 10. c4 Ne4 11. Rfd1 e6 12. Rac1 Qe7 13. Rc2 Rac8 14. Rdc1 Rfd8 15. Ne5 Nxe5 16. dxe5 Nxd2 17. Rxd2 Qg5 18. f4 Qe7 19. Rcd1 Rd7 20. cxd5 exd5 21. Bb5 Rdd8 22. a3 f6 23. exf6 Bxf6 24. Bxf6 Qxf6 25. Ba6 Bxa6 26. Qxa6 Qe7 27. Qe2 Qe6 28. Qf3 Re8 29. Kf2 c4 30. b4 c3 31. Rxd5 c2 32. Rc1 Rc3 33. Rd2 Rxe3 34. Qd5 Qxd5 35. Rxd5 Re2+ 36. Kf1 Re1+ 37. Rxe1 Rxe1+ 38. Kxe1 c1Q+ 39. Rd1 Qc3+ 0-1